| 000 | 00725nam a2200217 a 4500 | ||
|---|---|---|---|
| 001 | 000008149 | ||
| 003 | DO-SdBNP | ||
| 005 | 20240307073950.0 | ||
| 007 | ta | ||
| 008 | 090915s2008 dr 001 0 spa d | ||
| 040 |
_aDO-SdBNP _bspa _cBNPHU |
||
| 049 | _aBNPD | ||
| 082 | 4 |
_bR426r _222 |
|
| 110 | 1 |
_aRepública Dominicana. _b Junta Central Electoral _964605 |
|
| 245 | 1 | 0 |
_aResoluciones y disposiciones de la cámara administrativa : _bproceso electoral 2008 / _cedición Ivanna Ramírez ; presentación Roberto Rosario Márquez. |
| 260 |
_aSanto Domingo : _bJCE, _c2008. |
||
| 300 |
_a216 p. ; _c26 cm. |
||
| 500 | _aIncluye notas al pie de las páginas | ||
| 700 | 1 |
_aRosario Márquez, Roberto _922122 |
|
| 942 |
_2ddc _cLBS1 |
||
| 999 |
_c7926 _d7926 |
||